书目信息 |
| 题名: |
燃煤锅炉运行技术
|
|
| 作者: | 方久文 著 | |
| 分册: | ||
| 出版信息: | 西安 陕西科学技术出版社 2021.1 |
|
| 页数: | 305页 | |
| 开本: | 24cm | |
| 丛书名: | ||
| 单 册: | ||
| 中图分类: | TK229.6 | |
| 科图分类: | ||
| 主题词: | 燃煤锅炉--锅炉运行 | |
| 电子资源: | ||
| ISBN: | 978-7-5369-7969-7 | |
| 000 | 01080nam0 2200241 45 | |
| 001 | 012001002153 | |
| 005 | 20140913131906.0 | |
| 010 | @a978-7-5369-7969-7@dCNY78.00 | |
| 100 | @a20210420d2021 em y0chiy50 ea | |
| 101 | 0 | @achi |
| 102 | @aCN@b610000 | |
| 105 | @aa z 000yy | |
| 106 | @ar | |
| 200 | 1 | @a燃煤锅炉运行技术@Aran mei guo lu yun xing ji shu@b专著@f方久文著 |
| 210 | @a西安@c陕西科学技术出版社@d2021.1 | |
| 215 | @a305页@c图@d24cm | |
| 314 | @a方久文,男,大学本科学历,工程硕士,高级工程师。 | |
| 330 | @a本书是作者根据锅炉的原理、设备特性、系统构成等知识,结合多年的研究心得和实践经验,对实际工作中多个“碎片化”的小问题进行归纳提炼,较系统地介绍锅炉的运行调整,空预器技术,锅炉燃烧技术,风烟系统运行,电厂的脱硫、脱硝、脱汞、除尘等环保技术,火电厂制粉系统等内容。本书既有传统技术的传承,又有超临界与超超临界等新技术专题、前沿的热电技术和实际应用介绍,能切实帮助从业人员进行燃烧调整、事故预防与处理。 | |
| 606 | 0 | @a燃煤锅炉@x锅炉运行 |
| 690 | @aTK229.6@v5 | |
| 701 | 0 | @a方久文@Afang jiu wen@4著 |
| 801 | 0 | @aCN@bBJSDL@c20211011 |
| 905 | @b1338640-3@dTK229.6@e191@f4 | |
| 燃煤锅炉运行技术/方久文著.-西安:陕西科学技术出版社,2021.1 |
| 305页:图;24cm |
| ISBN 978-7-5369-7969-7:CNY78.00 |
| 本书是作者根据锅炉的原理、设备特性、系统构成等知识,结合多年的研究心得和实践经验,对实际工作中多个“碎片化”的小问题进行归纳提炼,较系统地介绍锅炉的运行调整,空预器技术,锅炉燃烧技术,风烟系统运行,电厂的脱硫、脱硝、脱汞、除尘等环保技术,火电厂制粉系统等内容。本书既有传统技术的传承,又有超临界与超超临界等新技术专题、前沿的热电技术和实际应用介绍,能切实帮助从业人员进行燃烧调整、事故预防与处理。 |
| ● |
| 相关链接 |
|
|
|
|
正题名:燃煤锅炉运行技术
索取号:TK229.6/191
 
预约/预借
| 序号 | 登录号 | 条形码 | 馆藏地/架位号 | 状态 | 备注 |
| 1 | 1338640 | 213386405 | 第二样本阅览室/ [索取号:TK229.6/191] | 在馆 | |
| 2 | 1338641 | 213386414 | 第三借阅区/ [索取号:TK229.6/191] | 在馆 | |
| 3 | 1338642 | 213386423 | 第三借阅区/ [索取号:TK229.6/191] | 在馆 | |
| 4 | 1338643 | 213386432 | 第三借阅区/ [索取号:TK229.6/191] | 在馆 |